Piłkarze Piasta Gliwice - nagła śmierć - Statystyki

Ogólne statystyki
  • Ten quiz został rozwiązany 50 razy
  • Średni wynik to 7 z 20
Answers on the Grid
Answers color-coded by a green-red scale on the quiz's grid according to % correct below.
Karol Angielski
Jakub Bartkowski
Łukasz Teodorczyk
Sebastian Musiolik
Joan Román
Michał Kaput
Maciej Gostomski
Kornel Osyra
Tomasz Cywka
Dariusz Dudka
Piotr Parzyszek
Szymon Matuszek
Tiago Alves
Rafał Grzelak
Franciszek Smuda
Marcin Robak
Rafał Gikiewicz
Saša Živec
Bartosz Kapustka
Oskar Wójcik
Michał Chrapek
Marcin Wasilewski
Walerian Gwilia
Josue
Piotr Brożek
Julien Celestine
Mikkel Kirkeskov
Marcin Flis
Jakub Łukowski
Jakub Szumski
Thierry Gale
Stanisław Szymański
Jakub Holúbek
Grzegorz Rasiak
Lucjan Brychczy
Krzysztof Sobieski
Jakub Słowik
Paweł Brożek
Mateusz Matras
Kasper Hämäläinen
 
Statystyki odpowiedzi
Odpowiedź % Poprawnych
Michał Chrapek
58%
Michał Kaput
58%
Piotr Parzyszek
58%
Karol Angielski
56%
Saša Živec
47%
Kornel Osyra
39%
Mikkel Kirkeskov
39%
Walerian Gwilia
39%
Jakub Holúbek
36%
Thierry Gale
36%
Mateusz Matras
33%
Sebastian Musiolik
33%
Jakub Szumski
31%
Marcin Robak
31%
Tiago Alves
31%
Piotr Brożek
19%
Marcin Flis
17%
Franciszek Smuda
11%
Lucjan Brychczy
8%
Szymon Matuszek
8%
Nie znaleziono quizów pasujących do podanych kryteriów
Rozkład punktacji
Procent ludzi z każdym wynikiem
Percentyl według liczby udzielonych odpowiedzi
Twoja historia wyników
Nie rozwiązałeś tego quizu